1717 1376 1827 1645 1018 1346 1312 1281 1449 1311 1256 1459 1407 1428 1224 1306 1195 1296 1052 1103 1115 1112 1276 1714 1434 1936 1917 1217 1936 1018 1255 1101 1006 1472 1338 1129 1024 1882 1637 1025 1621 1761 1356 1861 1625 1452 1203 1329 1950 1268 1376 1741 1641 1701 1217 1348 1688 1376 1088 1335 1116 1592 1340 1529 1722 1577 1196 1498 1941 1114 1925 1998 1571 1656 1611 1372 1779 1046 1885 1408 1373 1705 1304 1406 1401 1403 1982 1938 1774 1212 1586 1111 1547 1482 1733 1039 1876 1676 1947 BCNSPRNW ULIB Ver.6.0+V

เปลี่ยนเป็นภาษาไทย

Change to English
 แสดงรายละเอียดบรรณานุกรม
  กลับหน้าหลัก

Brief Record : Get Marc (ISO 2709) : E-mail record : QR code < ปิดหน้าต่าง
LEADER : 00000nam 2200000uu 4500
001    13399122173
003     ULIB
008    130108s2554||||th 000 0 tha d
020    ^a9789740321330
050  4 ^aQA278.7^bศ592ก
100 0  ^aศิริชัย พงษ์วิชัย
245 10 ^aการวิเคราะห์ข้อมูลทางสถิติด้วยคอมพิวเตอร์ : เน้นสำหรับงานวิจัย /^cศิริชัย พงษ์วิชัย
250    ^aพิมพ์ครั้งที่ 22
260    ^aกรุงเทพฯ :^bสำนักพิมพ์แห่งจุฬาลงกรณ์มหาวิทยาลัย,^c2554
300    ^a479 หน้า :^bภาพประกอบ ;^c27 ซม.
650  4 ^aเอสพีเอสเอส (โปรแกรมคอมพิวเตอร์)
650  4 ^aสังคมศาสตร์^xการประมวลผลข้อมูล
650  4 ^aสถิติ^xการประมวลผลข้อมูล
650  4 ^aการประมวลผลข้อมูลอิเล็กทรอนิกส์
945    ^p350^l0^i19635
995    ^aกัณชพร
999 ^a กัณชพร
รายการนี้ยังไม่มีแท็ก
คุณยังไม่ได้ล็อกอิน คุณสามารถมีกิจกรรมร่วมกับเว็บไซต์ได้ แต่ต้องล็อกอินก่อน ::
  ล็อกอิน

รายการสื่อสารสนเทศ

ลำดับที่ ประเภท เลขเรียก/บาร์โค้ด สถานที่ สถานะ
1. การศึกษาทั่วไป
การศึกษาทั่วไป
QA278.7 ศ592ก  
  Barcode: 19635
ห้องสมุดวิทยาเขตสวรรค์ประชารักษ์
►หนังสือทั่วไป
บนชั้น

รายการใกล้เคียง
    ผู้แต่ง [ศิริชัย พงษ์วิชัย]

    หัวเรื่อง [เอสพีเอสเอส (โปรแกรมคอมพิวเตอร์)]
    หัวเรื่อง [การประมวลผลข้อมูลอิเล็กทรอนิกส์]

BibComment


ยังไม่เคยถูกคอมเมนท์

คอมเมนท์ทรัพยากรรายการนี้
  คอมเมนท์: การวิเคราะห์ข้อม..


 Copyright 2026. Bcnsprnw @Library